000 00511nam a2200205Ia 4500
001 13176
003 GE_BSU
008 181216s||||||||xx |||||||||||||| ||und||
040 _cGE_BSU
080 _a631.4
100 _aБрук,М.С.
245 _aЗемля на ладони
245 _cРед.О.П.Лисицына
260 _aМосква
260 _bАгропромиздат
260 _c1986
300 _a176стр.илл.20см.
653 _aЗемля на ладони
942 _cBK
999 _c46340
_d46340